Genèse et structure de la Phénoménologie de l'esprit de Hegel /

Збережено в:
Бібліографічні деталі
Автор: Hyppolite, Jean (autor)
Формат: Книга
Мова:Французька
Опубліковано: París, Francia : Aubier-Montaigne, 1946, c1946
Серія:(Philosophie de l'Esprit)
Предмети:
Теги: Додати тег
Немає тегів, Будьте першим, хто поставить тег для цього запису!

MARC

LEADER 00000nam^a2200000^a^4500
001 000170584
005 20250521000000.0
009 20260310101314.297
037 |a Acervo ITESO - Biblioteca 
041 |a FRA 
082 |a 141.  |b HEG EST HYP 
100 |a Hyppolite, Jean  |e (autor) 
240 1 1 |a [Génesis y estructura de la Fenomenología del espíritu de Hegel] 
245 1 0 |a Genèse et structure de la Phénoménologie de l'esprit de Hegel /  |c J. Hyppolite. 
264 4 |a París, Francia :  |b Aubier-Montaigne,  |c 1946, c1946 
300 |a 2 v. (592 p.) 
336 |a texto  |b txt  |2 rdacontenido 
337 |a sin mediación  |b n  |2 rdamedio 
338 |a volumen  |b nc  |2 rdasoporte 
440 1 |a (Philosophie de l'Esprit) 
649 |a XX 
650 |a Filósofos Alemanes 
650 |a Epistemología 
650 |a Razón 
650 |a Espíritu 
650 |a Religión -  |x Filosofía 
650 |a Idealismo -  |x Historia y Crítica -  |x Tema Principal 
650 |a Filosofía del Siglo XIX -  |x Historia y Crítica 
650 |a Filosofía Alemana -  |x Historia y Crítica 
650 |a Hegel, Friedrich -  |x Tema Principal 
910 |a Fondo Armando Suárez Gómez 
920 |a Impresos - Libros 
930 |a Fondos Especiales 
905 |a 111 
901 |a 0700000601  |b IT2  |c ESP  |u 20250521 
901 |a 0700000600  |b IT2  |c ESP  |u 20250521 
902 |a https://opac.biblio.iteso.mx/vufind/Record/000170584